|
|
|
|
| LEADER |
02572nam a2200685 i 4500 |
| 001 |
nkc20243633841 |
| 003 |
CZ PrNK |
| 005 |
20250306074650.0 |
| 007 |
ta |
| 008 |
250207s2024 xr a b 000 0 cze |
| 015 |
|
|
|a cnb003633841
|
| 020 |
|
|
|a 978-80-284-0272-3
|q (vázáno)
|
| 035 |
|
|
|a (OCoLC)1505964354
|
| 040 |
|
|
|a ABA001
|b cze
|e rda
|
| 041 |
1 |
|
|a cze
|h dut
|
| 072 |
|
7 |
|a 574
|x Obecná ekologie
|2 Konspekt
|9 2
|
| 072 |
|
7 |
|a 0/9-053.2
|x Literatura pro děti a mládež (naučná)
|2 Konspekt
|9 26
|
| 080 |
|
|
|a 556:574
|2 MRF
|
| 080 |
|
|
|a 574.5
|2 MRF
|
| 080 |
|
|
|a 591.9(204)
|2 MRF
|
| 080 |
|
|
|a 581.9(204)
|2 MRF
|
| 080 |
|
|
|a 502/504
|2 MRF
|
| 080 |
|
|
|a (041)
|2 MRF
|
| 080 |
|
|
|a (079.1)
|2 MRF
|
| 080 |
|
|
|a (0.053.2)
|2 MRF
|
| 100 |
1 |
|
|a Roebers, Geert-Jan,
|d 1961-
|7 jo20191049144
|4 aut
|
| 240 |
1 |
0 |
|a Doe-boek onderwater.
|l Česky
|
| 245 |
1 |
0 |
|a Hravá knížka Vodní svět :
|b z jezírka do hlubin moře /
|c Geert-Jan Roebers ; z nizozemského originálu Doe-boek onderwater ... přeložila Lenka Strnadová
|
| 246 |
3 |
|
|a Vodní svět
|
| 250 |
|
|
|a Vydání první
|
| 264 |
|
1 |
|a Praha :
|b Euromedia Group,
|c 2024
|
| 300 |
|
|
|a 63 stran :
|b ilustrace (převážně barevné) ;
|c 29 cm
|
| 336 |
|
|
|a text
|b txt
|2 rdacontent
|
| 336 |
|
|
|a statický obraz
|b sti
|2 rdacontent
|
| 337 |
|
|
|a bez média
|b n
|2 rdamedia
|
| 338 |
|
|
|a svazek
|b nc
|2 rdacarrier
|
| 490 |
1 |
|
|a Pikola
|
| 521 |
8 |
|
|a Pro děti od 7 let
|
| 650 |
0 |
7 |
|a ekohydrologie
|7 ph120968
|x úlohy
|2 czenas
|
| 650 |
0 |
7 |
|a vodní ekosystémy
|7 ph116599
|x úlohy
|2 czenas
|
| 650 |
0 |
7 |
|a vodní živočichové
|7 ph116601
|x úlohy
|2 czenas
|
| 650 |
0 |
7 |
|a vodní rostliny
|7 ph127164
|x úlohy
|2 czenas
|
| 650 |
0 |
7 |
|a životní prostředí
|7 ph135446
|x úlohy
|2 czenas
|
| 650 |
0 |
9 |
|a aquatic ecology
|x problems, exercises, etc.
|2 eczenas
|
| 650 |
0 |
9 |
|a water ecosystems
|x problems, exercises, etc.
|2 eczenas
|
| 650 |
0 |
9 |
|a aquatic animals
|x problems, exercises, etc.
|2 eczenas
|
| 650 |
0 |
9 |
|a water plants
|x problems, exercises, etc.
|2 eczenas
|
| 650 |
0 |
9 |
|a environment
|x problems, exercises, etc.
|2 eczenas
|
| 655 |
|
7 |
|a brožury
|7 fd131925
|2 czenas
|
| 655 |
|
7 |
|a testy
|7 fd133697
|2 czenas
|
| 655 |
|
7 |
|a publikace pro děti
|7 fd133156
|2 czenas
|
| 655 |
|
9 |
|a brochures
|2 eczenas
|
| 655 |
|
9 |
|a tests
|2 eczenas
|
| 655 |
|
9 |
|a children's literature
|2 eczenas
|
| 700 |
1 |
|
|a Strnadová, Lenka,
|d 1967-
|7 mzk2009544335
|4 trl
|
| 830 |
|
0 |
|a Pikola (Euromedia)
|0 s
|
| 910 |
2 |
|
|a BOA001
|b 4-1541.143
|
| 990 |
|
|
|a BK
|
| 995 |
|
|
|a 01
|
| 996 |
6 |
|
|b 2610995887
|c 4-1541.143
|l MZK
|r Sklad / do 1 hodiny
|n 0
|p p.v.
|w 001996555
|u 000010
|a 1
|e BOA001
|j MZK50
|s P
|